Music Quiz

Random Music or Song Quiz

Ditloids of Queen Songs Quiz Stats

 Plays Quiz not verified by Sporcle

Challenge
Share
Tweet
Embed
Score 0/25 Timer 10:00
0 Plays Today
Ditloid Song Name % Correct
KQKiller Queen
91%
BRBohemian Rhapsody
86.8%
WWRYWe Will Rock You
84.1%
UPUnder Pressure
83.7%
IWTBFI Want To Break Free
80.2%
YMBFYou're My Best Friend
79.3%
WATCWe Are The Champions
77.8%
FBGFat Bottomed Girls
76.9%
AOBTDAnother One Bites The Dust
76.4%
IInnuendo
75.6%
DSMNDon't Stop Me Now
73.6%
RGGRadio Ga Ga
73.1%
IWIAI Want It All
70.8%
Ditloid Song Name % Correct
FFlash
68.8%
AKOMA Kind Of Magic
66.6%
TSMGOThe Show Must Go On
64.9%
WWTLFWho Wants To Live Forever
64.2%
CLTCLCrazy Little Thing Called Love
63.4%
SSORSeven Seas Of Rhye
62.7%
STLSomebody To Love
60.7%
GOFLBGood Old Fashioned Lover Boy
58.6%
FWBFFriends Will Be Friends
54.9%
IGSMI'm Going Slightly Mad
48.3%
IAHLIt's A Hard Life
43.9%
TIMThe Invisible Man
41.5%

You're not logged in!

Compare scores with friends on all Sporcle quizzes.
OR
Log In

You Might Also Like...

Show Comments

Extras

Created Jan 7, 2010ReportNominate
Tags:Album Quiz, Song Quiz, queen

Top Quizzes Today


Score Distribution

Your Account Isn't Verified!

In order to create a playlist on Sporcle, you need to verify the email address you used during registration. Go to your Sporcle Settings to finish the process.

Report this User

Report this user for behavior that violates our Community Guidelines.

Details: